[Event "Cappelle-la-Grande"]
[Site "Cappelle-la-Grande (FRA)"]
[Date "2013.02.23"]
[Round "1.46"]
[White "Grigoryan, Karen H"]
[Black "Houriez, Clement"]
[Result "1-0"]
[WhiteElo "2531"]
[BlackElo "2306"]
[PlyCount "85"]
[EventDate "2013.??.??"]

1. e4 c5 2. Nc3 d6 3. Nge2 Nf6 4. g3 Nc6 5. Bg2 e6 6. O-O Be7 7. d3 O-O 8. f4
a6 9. h3 Nd7 10. g4 b5 11. Ng3 Nb6 12. Nce2 d5 13. e5 f6 14. exf6 Bxf6 15. g5
Be7 16. h4 Bd6 17. d4 c4 18. b3 Bd7 19. bxc4 bxc4 20. Bd2 Qc7 21. Qe1 a5 22. a3
Kh8 23. h5 Nc8 24. f5 exf5 25. Bxd5 Nb6 26. Bxc6 Qxc6 27. Bf4 Nd5 28. Qf2 Nxf4
29. Nxf4 Rae8 30. Kh2 Re4 31. Nxe4 fxe4 32. Qh4 Qc7 33. Kg3 Rf5 34. Rae1 Bc6
35. Qg4 g6 36. hxg6 hxg6 37. Re2 Kg8 38. Rh2 Qe7 39. Rh6 Qf7 40. Qh4 Qg7 41.
Kh3 Rxf4 42. Rxf4 e3 43. Rf6 1-0

[Event "Cappelle-la-Grande"]
[Site "Cappelle-la-Grande (FRA)"]
[Date "2013.02.23"]
[Round "1.48"]
[White "Lagarde, Maxime"]
[Black "Strugnell, Carl"]
[Result "1-0"]
[WhiteElo "2529"]
[BlackElo "2305"]
[PlyCount "71"]
[EventDate "2013.??.??"]

1. e4 e5 2. Nf3 Nc6 3. Bc4 Bc5 4. O-O Nf6 5. d3 d6 6. c3 Bb6 7. Nbd2 Ne7 8. Re1
O-O 9. Bb3 Ng6 10. Nf1 Nh5 11. d4 Nhf4 12. Bxf4 exf4 13. h3 Kh8 14. N1d2 f5 15.
Bc2 fxe4 16. Bxe4 Qf6 17. Qc2 c5 18. Bxg6 hxg6 19. Ne4 Qf5 20. Qd1 Rd8 21. Nh4
Qh5 22. Qxh5+ gxh5 23. Ng5 Kg8 24. d5 Bd7 25. Re7 Bb5 26. a4 Rd7 27. Nf5 Rf8
28. axb5 Rxf5 29. Rxd7 Rxg5 30. c4 f3 31. g3 h4 32. Ra3 Rf5 33. Kh2 Kf8 34. g4
Rf7 35. Rxf7+ Kxf7 36. Rxf3+ 1-0

[Event "Cappelle-la-Grande"]
[Site "Cappelle-la-Grande (FRA)"]
[Date "2013.02.23"]
[Round "1.49"]
[White "Toma, Katarzyna"]
[Black "Baryshpolets, Andrey"]
[Result "0-1"]
[WhiteElo "2301"]
[BlackElo "2526"]
[PlyCount "58"]
[EventDate "2013.??.??"]

1. e4 e5 2. Nf3 Nc6 3. Bb5 Nf6 4. Qe2 Bc5 5. c3 O-O 6. O-O Re8 7. d3 a6 8. Bc4
h6 9. Re1 Ba7 10. h3 d6 11. a4 Be6 12. Na3 d5 13. Ba2 dxe4 14. dxe4 Bxa2 15.
Rxa2 Nh5 16. b4 Qf6 17. Nc4 Nf4 18. Bxf4 exf4 19. e5 Qe6 20. b5 Ne7 21. Rb2 Bc5
22. a5 Nd5 23. Qd3 axb5 24. Rxb5 Qc6 25. Reb1 Rad8 26. Nd4 Nxc3 27. Qxc3 Rxd4
28. Nd2 Rd5 29. Qc4 Bxf2+ 0-1

[Event "Cappelle-la-Grande"]
[Site "Cappelle-la-Grande (FRA)"]
[Date "2013.02.23"]
[Round "1.50"]
[White "Kunin, Vitaly"]
[Black "Wacker, Peter"]
[Result "1-0"]
[WhiteElo "2525"]
[BlackElo "2300"]
[PlyCount "78"]
[EventDate "2013.??.??"]

1. d4 f5 2. Nc3 Nf6 3. Bg5 Nc6 4. e3 d5 5. Bb5 e6 6. Nf3 Bd7 7. O-O Bd6 8. Ne2
O-O 9. c4 dxc4 10. Bxc4 Kh8 11. a3 Qe8 12. b4 a6 13. Qb3 a5 14. Bf4 Ne4 15.
Bxd6 Nxd6 16. Rac1 axb4 17. axb4 e5 18. dxe5 Nxe5 19. Nxe5 Qxe5 20. Bd3 Ne4 21.
Bxe4 Qxe4 22. Rxc7 Bc6 23. Nf4 Qe5 24. Rf7 Rg8 25. Qe6 Qxe6 26. Nxe6 Bd5 27.
Re7 Ra4 28. Nf4 Bc4 29. Rb1 b5 30. h4 Rf8 31. h5 Kg8 32. Rd1 Raa8 33. h6 gxh6
34. Rd6 Rf7 35. Re5 Ra4 36. Nh5 Rxb4 37. Ng3 Rb1+ 38. Kh2 Rb7 39. Nxf5 b4 1-0

[Event "Cappelle-la-Grande"]
[Site "Cappelle-la-Grande (FRA)"]
[Date "2013.02.23"]
[Round "1.51"]
[White "Ambartsumova, Karina"]
[Black "Ulibin, Mikhail"]
[Result "0-1"]
[WhiteElo "2294"]
[BlackElo "2521"]
[PlyCount "120"]
[EventDate "2013.??.??"]

1. e4 e6 2. d4 d5 3. e5 c5 4. c3 Nc6 5. Nf3 Bd7 6. Be2 Nge7 7. O-O Nf5 8. dxc5
Bxc5 9. Bd3 Nh4 10. Nbd2 Ng6 11. Nb3 Bb6 12. Re1 Bc7 13. Bg5 Qc8 14. Bxg6 fxg6
15. c4 dxc4 16. Nc5 Nb4 17. Nxd7 Qxd7 18. Qxd7+ Kxd7 19. Re4 b5 20. b3 Nd5 21.
bxc4 bxc4 22. Rxc4 Rhb8 23. Rac1 Rb2 24. R4c2 Rab8 25. Kf1 R8b4 26. Bd2 Rxc2
27. Rxc2 Ra4 28. g3 h6 29. Be1 g5 30. h3 Re4 31. Re2 Rc4 32. Rb2 Bb6 33. Ke2
Kc6 34. Bd2 Re4+ 35. Kd3 Ra4 36. Ke2 Ra3 37. Rc2+ Kd7 38. Be1 Ra4 39. Bd2 Bc7
40. Kd3 a6 41. Rb2 g4 42. hxg4 Rxg4 43. Be3 Ra4 44. Bc5 g5 45. Re2 Bb6 46. Bxb6
Ra3+ 47. Kd4 Nxb6 48. Ne1 Nd5 49. Rb2 Ra4+ 50. Kc5 Kc7 51. Nd3 Nb6 52. Rb4 Rxa2
53. Kd4 Kc6 54. Rb3 Nd5 55. Nc5 Rd2+ 56. Nd3 a5 57. Ke4 a4 58. Rb8 a3 59. Ra8
a2 60. f4 Rd1 0-1

[Event "Cappelle-la-Grande"]
[Site "Cappelle-la-Grande (FRA)"]
[Date "2013.02.23"]
[Round "1.52"]
[White "Ninov, Nikolai"]
[Black "Draskovic, Luka"]
[Result "1-0"]
[WhiteElo "2520"]
[BlackElo "2293"]
[PlyCount "147"]
[EventDate "2013.??.??"]

1. e4 c5 2. Nf3 d6 3. d4 cxd4 4. Nxd4 Nf6 5. Nc3 Nc6 6. Bc4 Qb6 7. Nb3 e6 8.
Bf4 Ne5 9. Be2 Bd7 10. Be3 Qc7 11. f4 Nc4 12. Bxc4 Qxc4 13. Qf3 Qc7 14. O-O Be7
15. Rad1 O-O 16. e5 Bc6 17. exf6 Bxf3 18. fxe7 Bxd1 19. exf8=Q+ Rxf8 20. Rxd1
a6 21. Nd4 Qb6 22. b3 Rc8 23. Ne4 d5 24. Nf2 f6 25. Nd3 Kf7 26. a4 Qc7 27. Bf2
Re8 28. Re1 Qd6 29. g4 h6 30. h4 Qc7 31. Kg2 e5 32. fxe5 fxe5 33. Bg3 Qc3 34.
Nxe5+ Kg8 35. Bf2 Qc7 36. Bg3 Qc3 37. Nef3 Rxe1 38. Bxe1 Qe3 39. h5 Qf4 40. Kh3
Kh7 41. Bd2 Qd6 42. Kg2 Qc7 43. Nh4 Qe5 44. Nhf5 Qe4+ 45. Kg3 Qe5+ 46. Kh3 Qe4
47. Be3 Qh1+ 48. Kg3 Qe1+ 49. Kf4 Qd1 50. Nh4 Qe1 51. Nhf3 Qb4 52. Kg3 Qe7 53.
Bf4 Qe4 54. g5 Kg8 55. g6 Qe8 56. Be5 Qc8 57. a5 Qd7 58. Nh4 Qd8 59. Ndf3 Qc8
60. c3 Qd7 61. b4 Qc8 62. Ng2 Qf5 63. Nf4 Kf8 64. Bd4 Qe4 65. Kg4 Kg8 66. Be5
Kf8 67. Bd6+ Kg8 68. Bc5 Qe8 69. Nd4 Qe1 70. Nde6 Qd1+ 71. Kf5 Qb1+ 72. Ke5 Qb3
73. Nxd5 Qc4 74. Kd6 1-0

[Event "Cappelle-la-Grande"]
[Site "Cappelle-la-Grande (FRA)"]
[Date "2013.02.23"]
[Round "1.54"]
[White "Gabuzyan, Hovhannes"]
[Black "Tate, Alan"]
[Result "1-0"]
[WhiteElo "2517"]
[BlackElo "2290"]
[PlyCount "71"]
[EventDate "2013.??.??"]

1. d4 Nf6 2. Nf3 g6 3. g3 Bg7 4. Bg2 O-O 5. c4 d6 6. Nc3 Nbd7 7. O-O e5 8. h3
c6 9. e4 Re8 10. Be3 a6 11. d5 cxd5 12. cxd5 b5 13. Nd2 Nb6 14. a4 bxa4 15.
Nxa4 Nxa4 16. Qxa4 Bd7 17. Qa3 Bb5 18. Rfc1 Qd7 19. Nc4 Bxc4 20. Rxc4 Reb8 21.
b4 Ne8 22. Qa4 Qb7 23. Bd2 Bf8 24. Qc6 Qa7 25. Be3 Qb7 26. Bd2 Qa7 27. Bf1 Rb6
28. Qa4 Qe7 29. Rc6 Rxc6 30. Qxc6 Ra7 31. Rxa6 Rc7 32. Qa4 f5 33. b5 fxe4 34.
b6 Rb7 35. Ra7 Nf6 36. Qa6 1-0

[Event "Cappelle-la-Grande"]
[Site "Cappelle-la-Grande (FRA)"]
[Date "2013.02.23"]
[Round "1.55"]
[White "Valuet, Bertrand"]
[Black "Kiselev, Vitaliy"]
[Result "0-1"]
[WhiteElo "2290"]
[BlackElo "2517"]
[PlyCount "110"]
[EventDate "2013.??.??"]

1. e4 e5 2. Nf3 d6 3. d4 exd4 4. Nxd4 Nf6 5. Nc3 Be7 6. Bf4 O-O 7. Qd2 Nc6 8.
Nxc6 bxc6 9. Be2 Be6 10. O-O Nd7 11. Be3 Qb8 12. Na4 Nb6 13. Nxb6 axb6 14. f4
Bf6 15. f5 Bd7 16. Bd4 Qd8 17. Qc3 Ra4 18. Bxf6 Qxf6 19. Qxf6 gxf6 20. Bd3 c5
21. c3 Re8 22. a3 Bc6 23. Rae1 c4 24. Bb1 Ra5 25. Re3 Rae5 26. Rfe1 d5 27. Kf2
dxe4 28. g4 h5 29. Kg3 hxg4 30. Kxg4 Bd7 31. Bxe4 Bxf5+ 32. Kf4 Be6 33. Rg1+
Kf8 34. Reg3 Ke7 35. Rg8 Rxg8 36. Rxg8 Rh5 37. Rg2 Rh4+ 38. Ke3 Kd6 39. Rf2 Ke5
40. Bc6 Bg4 41. Bb5 Rh3+ 42. Kd2 Be6 43. Ke2 f5 44. Bc6 f4 45. Bf3 Bf5 46. Kf1
Bd3+ 47. Kg2 Rh6 48. Rd2 f5 49. b4 b5 50. Ra2 Be4 51. Re2 Rd6 52. Kf2 Rd3 53.
Bh5 Rxc3 54. Be8 Rxa3 55. Bxb5 c3 0-1

[Event "Cappelle-la-Grande"]
[Site "Cappelle-la-Grande (FRA)"]
[Date "2013.02.23"]
[Round "1.56"]
[White "Andreev, Eduard"]
[Black "Collas, Silvia"]
[Result "1-0"]
[WhiteElo "2514"]
[BlackElo "2286"]
[PlyCount "75"]
[EventDate "2013.??.??"]

1. e4 c5 2. Nf3 Nc6 3. Bb5 g6 4. Bxc6 bxc6 5. O-O Bg7 6. Re1 Nh6 7. c3 O-O 8.
h3 d6 9. d4 Qb6 10. b3 a5 11. Be3 cxd4 12. cxd4 f5 13. Qd2 fxe4 14. Bxh6 exf3
15. Bxg7 Kxg7 16. Rxe7+ Rf7 17. Rxf7+ Kxf7 18. Nc3 fxg2 19. Ne4 Qb4 20. Qh6
Qxd4 21. Ng5+ Kf6 22. Nxh7+ Kf7 23. Ng5+ Ke8 24. Re1+ Kd8 25. Qf8+ Kc7 26. Ne6+
Bxe6 27. Qxa8 Qd5 28. Qa7+ Kc8 29. Qe3 Bd7 30. Re2 c5 31. Rd2 Qc6 32. Qg3 Qe4
33. Qxd6 Bc6 34. Rd1 Kb7 35. Qxc5 Qf3 36. Rc1 g5 37. a3 Be4 38. Qb5+ 1-0

[Event "Cappelle-la-Grande"]
[Site "Cappelle-la-Grande (FRA)"]
[Date "2013.02.23"]
[Round "1.57"]
[White "Lefebvre, Herve"]
[Black "Glud, Jakob Vang"]
[Result "0-1"]
[WhiteElo "2286"]
[BlackElo "2514"]
[PlyCount "98"]
[EventDate "2013.??.??"]

1. e4 e5 2. Nf3 Nc6 3. d4 exd4 4. Nxd4 Bc5 5. Nb3 Bb6 6. Nc3 Nf6 7. Qe2 d6 8.
Be3 Be6 9. O-O-O Qe7 10. g3 O-O-O 11. Bg2 Bxe3+ 12. Qxe3 Bxb3 13. axb3 Kb8 14.
Kb1 Rhe8 15. h3 Qe5 16. Rhe1 Qa5 17. Nd5 Nb4 18. Nxb4 Qxb4 19. Qd4 Qxd4 20.
Rxd4 c6 21. Red1 Kc7 22. b4 Re6 23. R1d3 Rde8 24. f4 g6 25. Bf3 h5 26. h4 b5
27. Ra3 Kb6 28. Rad3 Nxe4 29. Bxe4 Rxe4 30. Rxe4 Rxe4 31. Rxd6 Re1+ 32. Ka2 Re3
33. Rd3 Rxd3 34. cxd3 Kc7 35. Kb3 Kd6 36. Kc3 Ke6 37. Kd2 Kd5 38. Kc3 f6 39.
Kc2 Kd4 40. Kd2 c5 41. bxc5 Kxc5 42. g4 f5 43. gxf5 gxf5 44. Kc3 b4+ 45. Kb3
Kd4 46. Kxb4 Kxd3 47. Ka5 Ke4 48. Ka6 Kxf4 49. Kxa7 Kg4 0-1

[Event "Cappelle-la-Grande"]
[Site "Cappelle-la-Grande (FRA)"]
[Date "2013.02.23"]
[Round "1.58"]
[White "Kanep, Meelis"]
[Black "Palacios, Antonio"]
[Result "1-0"]
[WhiteElo "2508"]
[BlackElo "2285"]
[PlyCount "81"]
[EventDate "2013.??.??"]

1. d4 Nf6 2. c4 g6 3. Nc3 Bg7 4. Nf3 O-O 5. g3 d6 6. Bg2 Nc6 7. O-O a6 8. Bf4
Rb8 9. Rc1 Nd7 10. d5 Nce5 11. Nxe5 Nxe5 12. b3 Bd7 13. Qd2 c5 14. dxc6 bxc6
15. c5 d5 16. Na4 Rb5 17. Rfd1 Bf5 18. e4 Bg4 19. Bxe5 Bxe5 20. f3 Be6 21. f4
Bc7 22. f5 gxf5 23. exd5 cxd5 24. Bxd5 Bxd5 25. Qxd5 Qxd5 26. Rxd5 e6 27. Rd7
Rc8 28. Rc4 Kf8 29. Kg2 Ke8 30. c6 Be5 31. Ra7 a5 32. Kf3 h6 33. Ra6 Ke7 34.
Nc5 Bc7 35. Ra7 Kd6 36. Na6 Rd5 37. Ke2 h5 38. a3 e5 39. b4 axb4 40. axb4 f6
41. Rb7 1-0

[Event "Cappelle-la-Grande"]
[Site "Cappelle-la-Grande (FRA)"]
[Date "2013.02.23"]
[Round "1.59"]
[White "Migot, Tangi"]
[Black "Bernadskiy, Vitaliy"]
[Result "1/2-1/2"]
[WhiteElo "2284"]
[BlackElo "2503"]
[PlyCount "80"]
[EventDate "2013.??.??"]

1. e4 c5 2. Nf3 d6 3. c3 Nf6 4. h3 Bd7 5. Bd3 Bc6 6. Qe2 e6 7. O-O d5 8. exd5
Nxd5 9. Bc2 Nf4 10. Qe3 Bd6 11. d4 cxd4 12. cxd4 Nd7 13. Nc3 Nf6 14. Ne5 Bxe5
15. dxe5 Nxg2 16. Qg3 Nh5 17. Qg4 Qh4 18. f3 Qxg4 19. hxg4 Nh4 20. gxh5 Nxf3+
21. Kf2 Nxe5 22. Rg1 g6 23. Bf4 Nd7 24. Be4 Bxe4 25. Nxe4 e5 26. Bg5 f6 27. Bd2
f5 28. Ng5 h6 29. Nf3 e4 30. Bc3 Rg8 31. Rxg6 Rxg6 32. hxg6 exf3 33. Rh1 Ke7
34. Rxh6 Nf6 35. Kxf3 Rg8 36. Rh7+ Ke6 37. Bxf6 Kxf6 38. Rxb7 Rg7 39. Rxg7 Kxg7
40. b4 Kxg6 1/2-1/2

[Event "Cappelle-la-Grande"]
[Site "Cappelle-la-Grande (FRA)"]
[Date "2013.02.23"]
[Round "1.60"]
[White "Indjic, Aleksandar"]
[Black "Papp, Petra"]
[Result "1-0"]
[WhiteElo "2502"]
[BlackElo "2280"]
[PlyCount "81"]
[EventDate "2013.??.??"]

1. d4 d5 2. c4 c6 3. Nf3 Nf6 4. Nc3 e6 5. Qd3 dxc4 6. Qxc4 b5 7. Qd3 a6 8. a4
b4 9. Ne4 Nbd7 10. Nxf6+ Nxf6 11. e4 Bb7 12. e5 Nd7 13. Bg5 Qc7 14. Be2 c5 15.
Rc1 Qb6 16. O-O cxd4 17. Nxd4 Nxe5 18. Qe3 Bc5 19. a5 Bxd4 20. axb6 Bxe3 21.
Bxe3 Nc6 22. Bf3 Rc8 23. Rfd1 a5 24. Rd6 Ke7 25. Rdxc6 Bxc6 26. Bxc6 Kd6 27.
Ba4 Rxc1+ 28. Bxc1 e5 29. Kf1 h6 30. f3 g5 31. Ke2 f5 32. Be3 Rd8 33. Bc2 Ke6
34. b3 Rf8 35. g4 fxg4 36. fxg4 Kd5 37. Bf5 Rb8 38. Kd3 Rd8 39. Be4+ Kd6 40.
Kc4 Rc8+ 41. Kb5 1-0

[Event "Cappelle-la-Grande"]
[Site "Cappelle-la-Grande (FRA)"]
[Date "2013.02.23"]
[Round "1.61"]
[White "Kalinina, Olga"]
[Black "Jianu, Vlad-Cristian"]
[Result "0-1"]
[WhiteElo "2279"]
[BlackElo "2500"]
[PlyCount "104"]
[EventDate "2013.??.??"]

1. e4 c5 2. Nf3 d6 3. d4 cxd4 4. Nxd4 Nf6 5. Nc3 g6 6. Bc4 Bg7 7. O-O Nc6 8.
Re1 O-O 9. h3 Bd7 10. Nf3 Rc8 11. Bb3 Na5 12. Nd5 Re8 13. c3 Bc6 14. Bg5 Nxb3
15. axb3 Bxd5 16. exd5 a6 17. Ra4 Qd7 18. Bxf6 exf6 19. Rae4 Rxe4 20. Rxe4 f5
21. Re2 Bf6 22. Nd2 Rc5 23. Nc4 Kg7 24. Qd3 b5 25. Na5 b4 26. cxb4 Qb5 27. Qxb5
Rxb5 28. Rd2 Rxb4 29. Nc4 Rxb3 30. Nxd6 Rxb2 31. Rd1 Kf8 32. Nc4 Rc2 33. Ne3
Rc5 34. g3 Ke8 35. Rb1 Rb5 36. Rc1 Bg5 37. Rc6 a5 38. Nc4 Rxd5 39. Ra6 Bd8 40.
Ra7 Rd7 41. Ra8 f6 42. Ra6 Rc7 43. Nd6+ Kd7 44. Nb5 Rb7 45. Nc3 Bb6 46. Na4 Kc6
47. Ra8 Kb5 48. Nc3+ Kc4 49. Rc8+ Rc7 50. Na4 Rxc8 51. Nxb6+ Kc5 52. Nxc8 a4
0-1

[Event "Cappelle-la-Grande"]
[Site "Cappelle-la-Grande (FRA)"]
[Date "2013.02.23"]
[Round "1.62"]
[White "Naumkin, Igor"]
[Black "Boric, Elena"]
[Result "1/2-1/2"]
[WhiteElo "2495"]
[BlackElo "2273"]
[PlyCount "111"]
[EventDate "2013.??.??"]

1. d4 f5 2. Nf3 Nf6 3. g3 g6 4. Bg2 Bg7 5. O-O O-O 6. c4 d6 7. Nc3 Qe8 8. d5
Na6 9. Be3 c5 10. Bg5 Nc7 11. a4 Rf7 12. Re1 Qf8 13. Qc2 Kh8 14. Rad1 Bd7 15.
Bf4 Nh5 16. Ng5 Rf6 17. Bd2 h6 18. Nh3 Rb8 19. Bf3 e5 20. dxe6 Nxe6 21. e3 Ng5
22. Nxg5 hxg5 23. Nd5 Rf7 24. Bc3 Nf6 25. Nxf6 Bxf6 26. Rd2 Bxc3 27. Qxc3+ Kh7
28. Red1 Bxa4 29. b3 Be8 30. Rxd6 b6 31. h3 Qe7 32. Qc1 Qe5 33. Bg2 Qe7 34. e4
f4 35. Qc3 b5 36. cxb5 Rxb5 37. e5 Rb6 38. Qxc5 fxg3 39. fxg3 Rxb3 40. Qc2 Rxg3
41. Qxg6+ Kh8 42. Qe4 Qf8 43. Qd4 Rf4 44. Qb2 g4 45. h4 Kh7 46. Qc2+ Kg7 47. h5
Qf5 48. h6+ Kh7 49. Qxf5+ Rxf5 50. Re6 Bf7 51. Rd7 Re3 52. Rf6 Rxf6 53. exf6
Kg6 54. Kf2 Re6 55. Rxa7 Rxf6+ 56. Kg3 1/2-1/2

[Event "Cappelle-la-Grande"]
[Site "Cappelle-la-Grande (FRA)"]
[Date "2013.02.23"]
[Round "1.63"]
[White "Bartel, Michal"]
[Black "Wirig, Anthony"]
[Result "1/2-1/2"]
[WhiteElo "2273"]
[BlackElo "2490"]
[PlyCount "63"]
[EventDate "2013.??.??"]

1. e4 c5 2. Nf3 Nc6 3. Bb5 g6 4. O-O Bg7 5. c3 Nf6 6. Qe2 O-O 7. Rd1 d6 8. d4
cxd4 9. cxd4 Bg4 10. Bxc6 bxc6 11. Nc3 Nd7 12. h3 Bxf3 13. Qxf3 Qa5 14. Ne2 Qa6
15. Bg5 Rfe8 16. Qd3 Qb7 17. Rac1 c5 18. Be3 Qxb2 19. Rb1 Qxa2 20. Ra1 c4 21.
Rxa2 cxd3 22. Rxd3 d5 23. exd5 Nb6 24. Rda3 Nxd5 25. Rxa7 Rxa7 26. Rxa7 e6 27.
Kh2 Rc8 28. Kg3 Bf8 29. Kf3 h5 30. Nf4 Nxf4 31. Bxf4 Bg7 32. Rd7 1/2-1/2

[Event "Cappelle-la-Grande"]
[Site "Cappelle-la-Grande (FRA)"]
[Date "2013.02.23"]
[Round "1.64"]
[White "Brynell, Stellan"]
[Black "Gajek, Radoslaw"]
[Result "1/2-1/2"]
[WhiteElo "2485"]
[BlackElo "2273"]
[PlyCount "80"]
[EventDate "2013.??.??"]

1. d4 Nf6 2. c4 e6 3. Nf3 b6 4. g3 Ba6 5. b3 b5 6. cxb5 Bxb5 7. Bg2 d5 8. O-O
Bd6 9. Nc3 Ba6 10. Bb2 O-O 11. Ne5 c5 12. Re1 cxd4 13. Qxd4 Qb6 14. Na4 Qxd4
15. Bxd4 Nfd7 16. Nxd7 Nxd7 17. e4 e5 18. Bb2 d4 19. Bf1 Bxf1 20. Kxf1 Rfc8 21.
Rec1 g6 22. Ke2 f5 23. exf5 gxf5 24. f4 exf4 25. Bxd4 fxg3 26. hxg3 Rxc1 27.
Rxc1 Bxg3 28. Nc5 Be5 29. Be3 Nb6 30. Nd3 Bg7 31. Rc5 Rd8 32. Nf4 Rc8 33. Rxf5
Rc2+ 34. Kd3 Rxa2 35. Ne6 Nd7 36. Rb5 Bf6 37. Rb7 Ra6 38. Rxd7 Rxe6 39. Rxa7
Be7 40. Bd4 h5 1/2-1/2

[Event "Cappelle-la-Grande"]
[Site "Cappelle-la-Grande (FRA)"]
[Date "2013.02.23"]
[Round "1.65"]
[White "Haast, Anne"]
[Black "Flores Rios, Mauricio"]
[Result "1/2-1/2"]
[WhiteElo "2268"]
[BlackElo "2481"]
[PlyCount "100"]
[EventDate "2013.??.??"]

1. e4 c5 2. Nf3 e6 3. d4 cxd4 4. Nxd4 a6 5. c4 Nf6 6. Nc3 Qc7 7. a3 b6 8. Be3
Bb7 9. f3 Be7 10. Rc1 O-O 11. Be2 Re8 12. b4 d6 13. O-O Nbd7 14. Kh1 Rac8 15.
Nb3 Qb8 16. Na4 Bc6 17. Nb2 Qa8 18. Bd4 Bd8 19. a4 Bc7 20. a5 e5 21. Bxb6 Nxb6
22. axb6 Bxb6 23. b5 Bb7 24. Qxd6 Be3 25. Ra1 Nh5 26. Nd1 Re6 27. Qxe6 fxe6 28.
Nxe3 Nf4 29. Rfe1 Nxe2 30. Rxe2 Qb8 31. bxa6 Bxa6 32. Rxa6 Qxb3 33. Kg1 Qd3 34.
Kf2 Rf8 35. Rxe6 Qxe4 36. Nc2 Qxc4 37. R6xe5 h6 38. Re8 Qc5+ 39. Kf1 Qb5 40.
Rxf8+ Kxf8 41. Ne3 Qb1+ 42. Re1 Qd3+ 43. Kf2 Qd2+ 44. Re2 Qd4 45. Kf1 Kf7 46.
Kf2 Qh4+ 47. Kg1 Qf4 48. Nf1 Qc4 49. Kf2 Qc5+ 50. Ne3 Qd4 1/2-1/2

[Event "Cappelle-la-Grande"]
[Site "Cappelle-la-Grande (FRA)"]
[Date "2013.02.23"]
[Round "1.66"]
[White "Wagner, Dennis"]
[Black "Doluhanova, Evgeniya"]
[Result "1/2-1/2"]
[WhiteElo "2481"]
[BlackElo "2266"]
[PlyCount "122"]
[EventDate "2013.??.??"]

1. d4 d5 2. c4 e6 3. Nf3 Nf6 4. g3 Bb4+ 5. Bd2 Bd6 6. Bg2 Nc6 7. O-O O-O 8. Nc3
dxc4 9. Qa4 e5 10. dxe5 Nxe5 11. Nxe5 Bxe5 12. Rad1 Qe7 13. Qxc4 c6 14. e4 Be6
15. Qe2 Qc5 16. Be3 Qc4 17. Rfe1 a5 18. Qxc4 Bxc4 19. Rd2 Rfd8 20. Red1 Rxd2
21. Rxd2 Kf8 22. f4 Bxc3 23. bxc3 Ke8 24. Bb6 Nd7 25. Bc7 a4 26. e5 a3 27. Be4
g6 28. Bd6 Nb6 29. Rc2 Ra4 30. Bf3 Be6 31. Be2 Nc8 32. Bb4 Ne7 33. Kf2 Nd5 34.
Bd6 Nb6 35. Rd2 Nc4 36. Bxc4 Rxc4 37. Bxa3 Rxc3 38. Bd6 b5 39. Rb2 Rc4 40. Ke3
h5 41. a3 Kd7 42. Rd2 Bd5 43. Rd4 Rc2 44. Rd2 Rc1 45. Kf2 Ke6 46. Re2 Rh1 47.
Ke3 Kf5 48. Be7 Kg4 49. Rf2 Re1+ 50. Kd4 Re4+ 51. Kc5 Rc4+ 52. Kd6 Kf5 53. Re2
Rc3 54. Kd7 Be6+ 55. Kc7 c5 56. Kb6 Rxa3 57. Kxb5 Ra2 58. Rxa2 Bxa2 59. Kxc5
Kg4 60. Bh4 Kh3 61. Kd6 Kxh2 1/2-1/2

[Event "Cappelle-la-Grande"]
[Site "Cappelle-la-Grande (FRA)"]
[Date "2013.02.23"]
[Round "1.68"]
[White "Lalic, Bogdan"]
[Black "Sgircea, Silvia-Raluca"]
[Result "1-0"]
[WhiteElo "2478"]
[BlackElo "2263"]
[PlyCount "45"]
[EventDate "2013.??.??"]

1. d4 d5 2. c4 dxc4 3. e3 e6 4. Bxc4 Nf6 5. Nf3 c5 6. O-O a6 7. e4 cxd4 8. e5
Nfd7 9. Qxd4 Nc6 10. Qf4 Qc7 11. Re1 Ndxe5 12. Nxe5 Nxe5 13. Qxe5 Qxc4 14. Nc3
Bc5 15. Ne4 b6 16. Qxg7 Qd4 17. Nf6+ Ke7 18. Bg5 h6 19. Ng8+ Ke8 20. Rad1 Qxf2+
21. Kh1 hxg5 22. Qxh8 f5 23. Qg7 1-0

[Event "Cappelle-la-Grande"]
[Site "Cappelle-la-Grande (FRA)"]
[Date "2013.02.23"]
[Round "1.69"]
[White "Daulyte, Deimante"]
[Black "Stella, Andrea"]
[Result "0-1"]
[WhiteElo "2262"]
[BlackElo "2477"]
[PlyCount "82"]
[EventDate "2013.??.??"]

1. e4 e6 2. d4 d5 3. Nd2 Nc6 4. Ngf3 Nf6 5. e5 Nd7 6. Nb3 a5 7. a4 Be7 8. Bb5
Na7 9. Bd3 b6 10. O-O c5 11. c4 Bb7 12. Bf4 O-O 13. Qc2 h6 14. cxd5 Bxd5 15.
Be4 Nc6 16. Bxd5 Nb4 17. Qe4 Nxd5 18. Rfd1 c4 19. Nc1 c3 20. b3 b5 21. axb5 Qb6
22. Ne1 f5 23. exf6 N7xf6 24. Qf3 Nh7 25. g3 g5 26. Ned3 gxf4 27. Qg4+ Ng5 28.
gxf4 Nxf4 29. h4 c2 30. Re1 h5 31. Qg3 Nfh3+ 32. Kh1 Bd6 33. f4 Qb7+ 34. Qg2
Qxg2+ 35. Kxg2 Nxf4+ 36. Nxf4 Rxf4 37. hxg5 Raf8 38. Ne2 Rg4+ 39. Kh1 Rh4+ 40.
Kg1 Rg4+ 41. Kh1 Rf2 0-1

[Event "Cappelle-la-Grande"]
[Site "Cappelle-la-Grande (FRA)"]
[Date "2013.02.23"]
[Round "1.70"]
[White "Vedmediuc, Serghei"]
[Black "Kulon, Klaudia"]
[Result "1-0"]
[WhiteElo "2472"]
[BlackElo "2262"]
[PlyCount "111"]
[EventDate "2013.??.??"]

1. e4 e5 2. Nf3 Nc6 3. Bb5 a6 4. Ba4 Nf6 5. O-O b5 6. Bb3 Be7 7. Re1 O-O 8. h3
d6 9. c3 Na5 10. Bc2 c5 11. d4 Qc7 12. d5 Nb7 13. b3 Bd7 14. Nbd2 g6 15. Nf1
Nh5 16. Bh6 Rfe8 17. Qd2 Bf6 18. Ne3 Qc8 19. Kh2 Bg7 20. Nf5 Bf6 21. g4 Nf4 22.
Bxf4 exf4 23. Nh6+ Kg7 24. Qxf4 g5 25. Nf5+ Bxf5 26. Qxf5 Qxf5 27. exf5 Bxc3
28. Rxe8 Rxe8 29. Rc1 Kf6 30. Kg2 Na5 31. h4 h6 32. Bd3 Be5 33. hxg5+ hxg5 34.
Re1 c4 35. Bc2 c3 36. Nd4 Rc8 37. Nf3 Bf4 38. Re4 Bc1 39. Re1 Ba3 40. Re4 Nb7
41. Re1 Nc5 42. Nd4 Bb2 43. f4 gxf4 44. Nf3 Kg7 45. g5 f6 46. Re7+ Kf8 47. gxf6
Re8 48. Rg7 Re2+ 49. Kf1 Rxc2 50. Ng5 Rh2 51. Ne6+ Nxe6 52. dxe6 Rh1+ 53. Kg2
Re1 54. Rc7 Kg8 55. f7+ Kg7 56. f6+ 1-0

[Event "Cappelle-la-Grande"]
[Site "Cappelle-la-Grande (FRA)"]
[Date "2013.02.23"]
[Round "1.72"]
[White "Janev, Evgeni"]
[Black "Kerigan, Demre"]
[Result "1/2-1/2"]
[WhiteElo "2469"]
[BlackElo "2258"]
[PlyCount "118"]
[EventDate "2013.??.??"]

1. e4 d6 2. d4 Nf6 3. Nc3 g6 4. g3 Bg7 5. Bg2 O-O 6. Nge2 e5 7. h3 c6 8. Be3
Qc7 9. O-O b5 10. a3 Nbd7 11. Qc1 Re8 12. Rd1 Bb7 13. g4 exd4 14. Bxd4 a6 15.
g5 Nh5 16. Bxg7 Nxg7 17. Qd2 Nb6 18. Qxd6 Qxd6 19. Rxd6 Nc4 20. Rd7 Bc8 21. Rc7
Ne6 22. Rxc6 Bb7 23. e5 Rab8 24. b3 Bxc6 25. Bxc6 Rec8 26. Bd7 Nxe5 27. Bxc8
Rxc8 28. Kg2 Nf4+ 29. Nxf4 Rxc3 30. Re1 Nf3 31. Re8+ Kg7 32. Nd5 Nh4+ 33. Kf1
Rc5 34. c4 bxc4 35. bxc4 Nf3 36. h4 h6 37. Ke2 Nxh4 38. gxh6+ Kxh6 39. Rh8+ Kg5
40. f4+ Kg4 41. Nf6+ Kf5 42. Nd5 Ng2 43. Kf3 Ne1+ 44. Kg3 Ra5 45. Re8 Rxa3+ 46.
Ne3+ Kf6 47. Kf2 Nd3+ 48. Kf3 Nc5 49. Rc8 Ne6 50. Ke4 Ke7 51. f5 Ng5+ 52. Kd4
Kd7 53. Ra8 Nf3+ 54. Ke4 Nd2+ 55. Kd4 Nb3+ 56. Ke4 gxf5+ 57. Nxf5 Nc5+ 58. Ke5
Ra5 59. Ne3 Nd3+ 1/2-1/2

[Event "Cappelle-la-Grande"]
[Site "Cappelle-la-Grande (FRA)"]
[Date "2013.02.23"]
[Round "1.73"]
[White "Olsarova, Tereza"]
[Black "Danielian, Elina"]
[Result "0-1"]
[WhiteElo "2255"]
[BlackElo "2466"]
[PlyCount "72"]
[EventDate "2013.??.??"]

1. e4 c6 2. d4 d6 3. h3 g6 4. Nc3 Bg7 5. Be3 Nd7 6. f4 e5 7. dxe5 dxe5 8. f5
Bh6 9. Qf3 Bxe3 10. Qxe3 Qb6 11. Qxb6 axb6 12. O-O-O b5 13. a3 Ngf6 14. g4 Nc5
15. Nf3 O-O 16. Bg2 b4 17. axb4 Ncxe4 18. Rhe1 gxf5 19. gxf5 Nxc3 20. bxc3 Bxf5
21. Nxe5 Ra2 22. Nd3 Nd5 23. Bxd5 cxd5 24. Re3 Rc8 25. Kd2 d4 26. Rg3+ Bg6 27.
cxd4 Rcxc2+ 28. Ke3 Re2+ 29. Kf3 Kf8 30. Nf4 Be4+ 31. Kg4 Rf2 32. Nd3 Rfd2 33.
Rxd2 Rxd2 34. Nc5 Rxd4 35. b5 Bg6+ 36. Kf3 b6 0-1